Statistiche per Team of the Tournament - Europei 2004

Clicka qui per fare il quiz!

Statistiche generali

  • Questo quiz è stato fatto 6 volte
  • Il punteggio medio è 12 su 23

Statistiche sulle risposte

RuoloNazioneCalciatore% Corretto
AttaccantePortogalloCristiano Ronaldo
100%
CentrocampistaInghilterraFrank Lampard
100%
CentrocampistaRepubblica CecaPavel Nedvěd
100%
PortiereRepubblica CceaPetr Čech
100%
DifensoreItaliaGianluca Zambrotta
80%
CentrocampistaGermaniaMichael Ballack
80%
DifensoreInghilterraAshley Cole
60%
CentrocampistaPortogalloLuís Figo
60%
DifensorePortogalloRicardo Carvalho
60%
AttaccantePaesi BassiRuud van Nistelrooy
60%
AttaccanteInghilterraWayne Rooney
60%
CentrocampistaFranciaZinedine Zidane
60%
AttaccanteGreciaAngelos Charisteas
40%
AttaccanteRepubblica CecaMilan Baroš
40%
DifensoreSveziaOlof Mellberg
40%
DifensoreInghilterraSol Campbell
40%
DifensoreGreciaTraianos Dellas
40%
PortiereGreciaAntonios Nikopolidis
20%
AttaccanteSveziaHenrik Larsson
20%
AttaccanteDanimarcaJon Dahl Tomasson
20%
DifensoreGreciaGiourkas Seitaridis
0%
CentrocampistaPortogalloManiche
0%
CentrocampistaGreciaTheodoros Zagorakis
0%

Distribuzione punteggi

Percentile per numero di risposta

Percentuale di utenti per punteggio

I tuoi punteggi nel tempo

Non hai fatto questo quiz